000 00595nam a2200217 i 4500
001 bg
245 0 0 _aOpakowania :
_bporadnik - informator /
_cred. Barbara Kabat.
260 _aWarszawa :
_bCentrala Techniczna Biuro Wydawnictw,
_c1969.
300 _a551, [1] s., [15] k. il. kolor. :
_bil. (w tym kolor.) ;
_c25 cm.
504 _aBibliogr.
650 4 _aOpakowania
650 4 _aPoradniki
700 1 _aKabat, Barbara.
_eRed.
040 _cBPK
041 0 _apol
044 _aPOL
080 _a621.798
080 _a(083.1)
942 _cKS
008 s pl f |000 0 pol
999 _c49731
_d49731
856 _uhttp://koha.tu.koszalin.pl/cgi-bin/koha/opac-detail.pl?biblionumber=49731
_yKatalog online BPK